|
|
แสดงรายละเอียดบรรณานุกรม |
|
|
Brief Record
: Get Marc (ISO 2709)
: E-mail record
: |
| LEADER 00000nama 2200000uu 4500 | |||
| 008 040531s2546 th m m a000 0 tha d | |||
| 020 974-9553-63-2 | |||
| 041 tha | |||
| 100 คณะอนุกรรมการบัญญัติศัพท์อุดมศึกษา | |||
| 245 ประมวลศัพท์บัญญัติอุดมศึกษา 001 | |||
| 250 1 | |||
| 260 กรุงเทพฯ หจก.ภาพพิมพ์ 2546 | |||
| 300 166 | |||
| 650 ประมวลศัพท์บัญญัติอุดมศึดษา | |||
| 998 2004-01-06 | |||
| คุณยังไม่ได้ล็อกอิน คุณสามารถมีกิจกรรมร่วมกับเว็บไซต์ได้ แต่ต้องล็อกอินก่อน :: |
|
| สถานะ | |||||||||
| 1. | หนังสือทั่วไป | 2546 | On Shelf ขอยืม | ||||||
| [แสดง 1/1 รายการ] | |||||||||
BibComment |
| คอมเมนท์ทรัพยากรรายการนี้ |
|
|